[Event "IBCA-ol blind 17th"]
[Site "Vrnjacka Banja"]
[Date "2025.06.25"]
[Round "9.2"]
[White "Elo, Istvan"]
[Black "Rivas Cabrera, Edgar"]
[Result "1/2-1/2"]
[WhiteElo "1949"]
[BlackElo "1987"]
[PlyCount "41"]
[EventDate "2025.06.17"]
[EventType "team-swiss"]
[EventRounds "9"]
[EventCountry "SRB"]
[SourceTitle "CB27_2025"]
[SourceDate "2025.07.02"]
[SourceVersion "1"]
[SourceVersionDate "2025.07.02"]
[SourceQuality "1"]
[WhiteTeam "Hungary"]
[BlackTeam "Venezuela"]
[WhiteTeamCountry "HUN"]
[BlackTeamCountry "VEN"]

1. e4 c5 2. Nc3 Nc6 3. d3 g6 4. Be3 d6 5. d4 cxd4 6. Bxd4 Nxd4 7. Qxd4 Nf6 8. e5 dxe5 9. Bb5+ Bd7 10. Qxe5 Bc6 11. Rd1 Qb8 12. Nf3 Qxe5+ 13. Nxe5 Bxb5 14. Nxb5 Rc8 15. c3 a6 16. Nd4 Bg7 17. 0-0 0-0 18. Nb3 Rfd8 19. Nf3 b6 20. Rfe1 e6 21. Nbd2 1/2-1/2

[Event "IBCA-ol blind 17th"]
[Site "Vrnjacka Banja"]
[Date "2025.06.23"]
[Round "7.4"]
[White "Elo, Istvan"]
[Black "Johansson, Tage"]
[Result "1/2-1/2"]
[WhiteElo "1949"]
[BlackElo "1968"]
[PlyCount "55"]
[EventDate "2025.06.17"]
[EventType "team-swiss"]
[EventRounds "9"]
[EventCountry "SRB"]
[SourceTitle "CB27_2025"]
[SourceDate "2025.07.02"]
[SourceVersion "1"]
[SourceVersionDate "2025.07.02"]
[SourceQuality "1"]
[WhiteTeam "Hungary"]
[BlackTeam "Sweden"]
[WhiteTeamCountry "HUN"]
[BlackTeamCountry "SWE"]

1. e4 e6 2. d3 d5 3. Qe2 dxe4 4. dxe4 e5 5. Nf3 Nc6 6. c3 Nf6 7. Bg5 Be7 8. Nbd2 0-0 9. Rd1 Nd7 10. Be3 a5 11. Nc4 Qe8 12. Qc2 b6 13. Be2 Bb7 14. 0-0 Bc5 15. Bxc5 Nxc5 16. Ne3 Ne7 17. Nd2 Qc6 18. f3 Ne6 19. Rfe1 Qc5 20. Bf1 Rfd8 21. Kh1 a4 22. a3 Bc6 23. Qc1 Rd7 24. Nf5 Rad8 25. Nxe7+ Qxe7 26. Nc4 Nc5 27. Rxd7 Rxd7 28. Rd1 1/2-1/2

[Event "HUN-chT2 Szechenyi 2324"]
[Site "Hungary"]
[Date "2024.04.21"]
[Round "8.3"]
[White "Paksa, Rudolf"]
[Black "Elo, Istvan"]
[Result "1-0"]
[WhiteElo "1976"]
[BlackElo "1989"]
[PlyCount "93"]
[EventDate "2023.10.08"]
[EventType "team-tourn"]
[EventRounds "9"]
[EventCountry "HUN"]
[SourceTitle "EXT 2025"]
[Source "ChessBase"]
[SourceDate "2024.10.14"]
[SourceVersion "1"]
[SourceVersionDate "2024.10.14"]
[SourceQuality "1"]
[WhiteTeam "Ajka ASSE"]
[BlackTeam "Sarvar"]
[WhiteTeamCountry "HUN"]
[BlackTeamCountry "HUN"]

1. e4 d6 2. d4 Nf6 3. Bd3 g6 4. h3 Bg7 5. Nf3 Nbd7 6. 0-0 c6 7. c3 0-0 8. Be3 Qc7 9. Qd2 e5 10. Bh6 d5 11. Bxg7 Kxg7 12. dxe5 Nxe5 13. Nxe5 dxe4 14. Nxc6 Qxc6 15. Bc2 Be6 16. Qe3 Rfe8 17. Nd2 Rad8 18. Rfe1 Bc4 19. Nxc4 Qxc4 20. b3 Qc6 21. a4 a6 22. Rad1 Rc8 23. c4 b5 24. axb5 axb5 25. Rd4 bxc4 26. bxc4 Qe6 27. Ba4 Re7 28. Bb5 Rcc7 29. Kh1 Qf5 30. g4 Qf3+ 31. Qxf3 exf3 32. Rxe7 Rxe7 33. Bc6 h6 34. Bxf3 Rc7 35. Kg2 Nd7 36. Bd5 Nb6 37. Kf3 Nxd5 38. cxd5 Kf6 39. Ke4 Re7+ 40. Kd3 g5 41. d6 Rd7 42. Kc4 Ke6 43. Kc5 Ra7 44. Kb6 Rd7 45. Kc6 Rd8 46. Re4+ Kf6 47. d7 1-0

[Event "HUN-chT4 2223"]
[Site "Gyor"]
[Date "2022.10.09"]
[Round "1"]
[White "Elo, Istvan"]
[Black "Szeberenyi, Adam"]
[Result "0-1"]
[WhiteElo "2001"]
[BlackElo "2339"]
[PlyCount "58"]
[EventDate "2022.10.09"]
[EventType "team-tourn"]
[EventRounds "7"]
[EventCountry "HUN"]
[SourceTitle "EXT 2024"]
[Source "ChessBase"]
[SourceDate "2023.10.10"]
[SourceVersion "1"]
[SourceVersionDate "2023.10.10"]
[SourceQuality "1"]
[WhiteTeam "Fertoszentmiklos"]
[BlackTeam "Feher Lo Semmovar"]
[WhiteTeamCountry "HUN"]
[BlackTeamCountry "HUN"]

1. e4 c5 2. Nf3 e6 3. Be2 Nc6 4. 0-0 Nf6 5. Nc3 a6 6. d4 cxd4 7. Nxd4 Qc7 8. a4 Bb4 9. Nxc6 bxc6 10. Bd3 d5 11. Qe2 d4 12. Na2 Bd6 13. f4 e5 14. f5 Bb7 15. b4 c5 16. bxc5 Bxc5 17. Kh1 h5 18. Bd2 h4 19. Nb4 Qd6 20. Rab1 Ra7 21. Rfe1 Kd7 22. c3 Nh5 23. c4 g5 24. Nd5 Ng3+ 25. hxg3 hxg3+ 26. Kg1 Rh1+ 27. Kxh1 Qh6+ 28. Kg1 Qh2+ 29. Kf1 Qh1# 0-1

[Event "HUN-chT2 Szechenyi 2122"]
[Site "Hungary"]
[Date "2022.01.30"]
[Round "5.4"]
[White "Elo, Istvan"]
[Black "Kozma, Karoly"]
[Result "1/2-1/2"]
[WhiteElo "2042"]
[BlackElo "2201"]
[PlyCount "61"]
[EventDate "2021.10.10"]
[EventType "team-tourn"]
[EventRounds "9"]
[EventCountry "HUN"]
[SourceTitle "EXT 2025"]
[Source "ChessBase"]
[SourceDate "2024.10.14"]
[SourceVersion "1"]
[SourceVersionDate "2024.10.14"]
[SourceQuality "1"]
[WhiteTeam "Sarvar"]
[BlackTeam "Sentimento Ajka BSK"]
[WhiteTeamCountry "HUN"]
[BlackTeamCountry "HUN"]

1. e4 c5 2. Nf3 e6 3. Be2 Nc6 4. 0-0 Nf6 5. Nc3 d6 6. d4 cxd4 7. Nxd4 Be7 8. Be3 0-0 9. Kh1 Bd7 10. f3 Nxd4 11. Bxd4 Bc6 12. Qe1 e5 13. Be3 d5 14. exd5 Nxd5 15. Nxd5 Qxd5 16. c4 Qe6 17. Qf2 b6 18. c5 Rfd8 19. Rfd1 e4 20. cxb6 axb6 21. fxe4 Rxd1+ 22. Bxd1 Rxa2 23. Rxa2 Qxa2 24. Qc2 Qe6 25. Bf3 b5 26. Bc5 Bxc5 27. Qxc5 h6 28. h3 Qd7 29. Qc3 Qe6 30. Qc5 Qd7 31. Qc3 1/2-1/2

[Event "HUN-chT2 Szechenyi 2122"]
[Site "Hungary"]
[Date "2021.10.31"]
[Round "2.4"]
[White "Deak, Laszlo"]
[Black "Elo, Istvan"]
[Result "1/2-1/2"]
[WhiteElo "1884"]
[BlackElo "2043"]
[PlyCount "21"]
[EventDate "2021.10.10"]
[EventType "team-tourn"]
[EventRounds "9"]
[EventCountry "HUN"]
[SourceTitle "EXT 2025"]
[Source "ChessBase"]
[SourceDate "2024.10.14"]
[SourceVersion "1"]
[SourceVersionDate "2024.10.14"]
[SourceQuality "1"]
[WhiteTeam "Csuti Baki Agrocentrum"]
[BlackTeam "Sarvar"]
[WhiteTeamCountry "HUN"]
[BlackTeamCountry "HUN"]

1. e4 c5 2. Nc3 d6 3. f4 Nf6 4. Nf3 a6 5. a4 e6 6. g3 Be7 7. Bg2 Nc6 8. 0-0 0-0 9. d3 Nd4 10. Ne2 Nxf3+ 11. Bxf3 1/2-1/2

[Event "HUN-chT2 Szechenyi 2122"]
[Site "Hungary"]
[Date "2021.10.10"]
[Round "1.4"]
[White "Elo, Istvan"]
[Black "Bencze, Balazs Dominik"]
[Result "1-0"]
[WhiteElo "2043"]
[BlackElo "1724"]
[PlyCount "63"]
[EventDate "2021.10.10"]
[EventType "team-tourn"]
[EventRounds "9"]
[EventCountry "HUN"]
[SourceTitle "EXT 2025"]
[Source "ChessBase"]
[SourceDate "2024.10.14"]
[SourceVersion "1"]
[SourceVersionDate "2024.10.14"]
[SourceQuality "1"]
[WhiteTeam "Sarvar"]
[BlackTeam "Tapolca VSE"]
[WhiteTeamCountry "HUN"]
[BlackTeamCountry "HUN"]

1. e4 Nf6 2. Nc3 d5 3. exd5 Nxd5 4. Qf3 e6 5. Bc4 c6 6. Nge2 Nd7 7. d4 Be7 8. 0-0 0-0 9. Nxd5 cxd5 10. Bd3 Bf6 11. c3 a6 12. a4 Nb6 13. Nf4 g6 14. g3 Nc4 15. h4 Bd7 16. h5 g5 17. Nxd5 exd5 18. Qxd5 Be6 19. Qe4 Re8 20. Qxh7+ Kf8 21. h6 Ke7 22. Re1 Kd6 23. Rxe6+ Rxe6 24. Bxc4 Re1+ 25. Kg2 Qe7 26. Qf5 Qe4+ 27. Qxe4 Rxe4 28. Be3 Re7 29. h7 Rh8 30. Rh1 Kd7 31. Bd3 Kc7 32. Rh5 1-0

[Event "HUN-chT4 Chalupetzky 1819"]
[Site "Hunagry"]
[Date "2019.03.24"]
[Round "8.1"]
[White "Elo, Istvan"]
[Black "Szalai, Attila"]
[Result "1/2-1/2"]
[WhiteElo "2048"]
[BlackElo "1693"]
[PlyCount "96"]
[EventDate "2018.10.14"]
[EventType "team-tourn"]
[EventRounds "10"]
[EventCountry "HUN"]
[SourceTitle "EXT 2020"]
[Source "ChessBase"]
[SourceDate "2019.10.17"]
[SourceVersion "1"]
[SourceVersionDate "2019.10.17"]
[SourceQuality "1"]
[WhiteTeam "Lovo"]
[BlackTeam "Gyor Bastya"]
[WhiteTeamCountry "HUN"]
[BlackTeamCountry "HUN"]

1. e4 c5 2. Nf3 Nc6 3. d4 cxd4 4. Nxd4 Nf6 5. Nc3 e5 6. Ndb5 d6 7. Bg5 a6 8. Na3 b5 9. Nd5 Be7 10. Nxe7 Qxe7 11. Be2 Be6 12. 0-0 h6 13. Bxf6 gxf6 14. f4 Nd4 15. c3 Nxe2+ 16. Qxe2 Rc8 17. f5 Bc4 18. Nxc4 Rxc4 19. a4 Qa7+ 20. Kh1 Rxa4 21. Rxa4 bxa4 22. Qc4 Ke7 23. Qxa4 Rb8 24. b4 Rb6 25. Rd1 Qc7 26. Qa5 Qc6 27. c4 Rb7 28. c5 Rd7 29. h3 dxc5 30. Rxd7+ Kxd7 31. bxc5 Qxe4 32. Qxa6 Qc6 33. Qd3+ Ke7 34. Qe3 Qd5 35. Qa3 Qc6 36. Qa7+ Qd7 37. Qb6 Qd8 38. Qb7+ Ke8 39. c6 e4 40. c7 Qd1+ 41. Kh2 Qd6+ 42. Kg1 Qd1+ 43. Kf2 Qd2+ 44. Kf1 Qd1+ 45. Kf2 Qd2+ 46. Kg3 Qe3+ 47. Kh2 Qf4+ 48. Kh1 Qf1+ 1/2-1/2

[Event "HUN-chT4 Chalupetzky 1718"]
[Site "Hungary"]
[Date "2018.01.21"]
[Round "5.4"]
[White "Elo, Istvan"]
[Black "Egri, Zsolt"]
[Result "1-0"]
[WhiteElo "2047"]
[BlackElo "1674"]
[PlyCount "97"]
[EventDate "2017.10.15"]
[EventType "team-tourn"]
[EventRounds "7"]
[EventCountry "HUN"]
[SourceTitle "EXT 2019"]
[Source "ChessBase"]
[SourceDate "2018.10.10"]
[SourceVersion "1"]
[SourceVersionDate "2018.10.10"]
[SourceQuality "1"]
[WhiteTeam "Lovo"]
[BlackTeam "Fertoszentmiklos"]
[WhiteTeamCountry "HUN"]
[BlackTeamCountry "HUN"]

1. e4 e5 2. Nf3 Nc6 3. d4 exd4 4. Nxd4 Nf6 5. Nxc6 bxc6 6. Bd3 d5 7. Qe2 Be7 8. 0-0 0-0 9. h3 Re8 10. Nd2 Bc5 11. Qf3 Be6 12. e5 Nd7 13. Re1 Rb8 14. Nb3 Be7 15. Nd4 Rb6 16. a4 Nxe5 17. Rxe5 Bf6 18. Nxe6 fxe6 19. Re1 e5 20. c3 e4 21. Qe2 Rb8 22. Bb1 Qd6 23. Qc2 g6 24. Ba2 Kg7 25. b4 c5 26. Bb2 cxb4 27. cxb4 Rxb4 28. Bxf6+ Kxf6 29. Rac1 Re7 30. a5 Qe5 31. Qc6+ Re6 32. Qxd5 Qxd5 33. Bxd5 Re7 34. a6 Kf5 35. Rc4 Rxc4 36. Bxc4 Re5 37. Rc1 Kf4 38. Be2 Re7 39. Kf1 e3 40. Rc4+ Ke5 41. fxe3 Kd6 42. Kf2 c5 43. Bf3 g5 44. Ke2 Re5 45. Kd3 Kc7 46. Re4 Rf5 47. Kc4 Kb6 48. Re6+ Ka5 49. Rc6 1-0

[Event "HUN-chT2 Szechenyi 1617"]
[Site "Hungary"]
[Date "2017.01.29"]
[Round "7.2"]
[White "Boronyak, Arpad"]
[Black "Elo, Istvan"]
[Result "1-0"]
[WhiteElo "2145"]
[BlackElo "2055"]
[PlyCount "47"]
[EventDate "2016.09.25"]
[EventType "team-tourn"]
[EventRounds "11"]
[EventCountry "HUN"]
[SourceTitle "EXT 2021"]
[Source "ChessBase"]
[SourceDate "2020.10.23"]
[SourceVersion "1"]
[SourceVersionDate "2020.10.23"]
[SourceQuality "1"]
[WhiteTeam "Csuti Baki Agrocentrum"]
[BlackTeam "Lovo"]
[WhiteTeamCountry "HUN"]
[BlackTeamCountry "HUN"]

1. e4 c5 2. Nc3 d6 3. f4 Nf6 4. Nf3 Nc6 5. d3 Bg4 6. h3 Bxf3 7. Qxf3 Nd4 8. Qf2 e6 9. Be3 Nc6 10. 0-0-0 Be7 11. g4 a6 12. g5 Nd7 13. h4 b5 14. f5 e5 15. Nd5 Nb6 16. f6 gxf6 17. gxf6 Bf8 18. Bh3 Nxd5 19. exd5 Nb8 20. Rhg1 Nd7 21. Rdf1 h5 22. Rg6 Qc7 23. Rg7 0-0-0 24. Rxf7 1-0

[Event "HUN-chT2 Szechenyi 1617"]
[Site "Hungary"]
[Date "2016.11.27"]
[Round "5.4"]
[White "Tamas, Gyorgy"]
[Black "Elo, Istvan"]
[Result "1/2-1/2"]
[WhiteElo "2014"]
[BlackElo "2055"]
[PlyCount "27"]
[EventDate "2016.09.25"]
[EventType "team-tourn"]
[EventRounds "11"]
[EventCountry "HUN"]
[SourceTitle "EXT 2021"]
[Source "ChessBase"]
[SourceDate "2020.10.23"]
[SourceVersion "1"]
[SourceVersionDate "2020.10.23"]
[SourceQuality "1"]
[WhiteTeam "Keszthely Spartacus"]
[BlackTeam "Lovo"]
[WhiteTeamCountry "HUN"]
[BlackTeamCountry "HUN"]

1. Nf3 Nf6 2. c4 g6 3. d4 Bg7 4. Nc3 d5 5. e3 0-0 6. cxd5 Nxd5 7. Bc4 Nxc3 8. bxc3 c5 9. 0-0 cxd4 10. cxd4 Nc6 11. Bb2 Bg4 12. Be2 Rc8 13. Rc1 Qd7 14. h3 1/2-1/2

[Event "HUN-chT2 Szechenyi 1617"]
[Site "Hungary"]
[Date "2016.11.13"]
[Round "4.4"]
[White "Elo, Istvan"]
[Black "Varga, Gyula"]
[Result "1/2-1/2"]
[WhiteElo "2055"]
[BlackElo "1908"]
[PlyCount "120"]
[EventDate "2016.09.25"]
[EventType "team-tourn"]
[EventRounds "11"]
[EventCountry "HUN"]
[SourceTitle "EXT 2021"]
[Source "ChessBase"]
[SourceDate "2020.10.23"]
[SourceVersion "1"]
[SourceVersionDate "2020.10.23"]
[SourceQuality "1"]
[WhiteTeam "Lovo"]
[BlackTeam "Papa"]
[WhiteTeamCountry "HUN"]
[BlackTeamCountry "HUN"]

1. e4 e6 2. d4 d5 3. Nd2 a6 4. Ngf3 c5 5. exd5 exd5 6. dxc5 Bxc5 7. Nb3 Be7 8. h3 Nf6 9. Bd3 Nc6 10. c3 0-0 11. 0-0 Re8 12. Re1 h6 13. Bf4 Bd6 14. Rxe8+ Nxe8 15. Qd2 Bxf4 16. Qxf4 Qd6 17. Re1 Be6 18. Qe3 Nf6 19. Nc5 Re8 20. Nxb7 Qb8 21. Qb6 Nd8 22. Bxa6 Nxb7 23. Qxb7 Qxb7 24. Bxb7 Rb8 25. Ba6 Rxb2 26. Re2 Rb1+ 27. Kh2 Rc1 28. Nd4 Rxc3 29. Nxe6 fxe6 30. Rxe6 Ra3 31. Bb7 Ra7 32. Bc6 Kf7 33. Re2 Ra3 34. f4 Rc3 35. Bb5 Ne4 36. a4 Kf6 37. g4 g6 38. h4 Ra3 39. Bc6 Nc3 40. Rd2 Nxa4 41. g5+ hxg5 42. fxg5+ Ke7 43. Bxd5 Re3 44. Rf2 Nc3 45. Bf7 Ne4 46. Rf4 Re2+ 47. Kh3 Re3+ 48. Kg2 Re2+ 49. Kf3 Rf2+ 50. Kxe4 Rxf4+ 51. Kxf4 Kxf7 52. Kg4 Kg7 53. h5 gxh5+ 54. Kxh5 Kh7 55. g6+ Kg7 56. Kg5 Kg8 57. Kf6 Kf8 58. Kg5 Kg7 59. Kh5 Kg8 60. Kh6 Kh8 1/2-1/2

[Event "HUN-chT2 Szechenyi 1516"]
[Site "Hungary"]
[Date "2015.10.04"]
[Round "2.4"]
[White "Elo, Istvan"]
[Black "Frank, Jozsef"]
[Result "1/2-1/2"]
[WhiteElo "2061"]
[BlackElo "2089"]
[PlyCount "110"]
[EventDate "2015.09.13"]
[EventType "team-tourn"]
[EventRounds "11"]
[EventCountry "HUN"]
[SourceTitle "CBM 170 Extra"]
[Source "ChessBase"]
[SourceDate "2016.02.25"]
[SourceVersion "1"]
[SourceVersionDate "2016.02.25"]
[SourceQuality "1"]
[WhiteTeam "Lovo"]
[BlackTeam "Gyor Elektromos"]
[WhiteTeamCountry "HUN"]
[BlackTeamCountry "HUN"]

1. e4 c5 2. Nf3 e6 3. c4 Nc6 4. Nc3 e5 5. d3 d6 6. h3 Nge7 7. Be2 f5 8. Bg5 h6 9. Bxe7 Bxe7 10. Nd5 0-0 11. 0-0 fxe4 12. dxe4 Nd4 13. Nxd4 cxd4 14. Bg4 b6 15. Bxc8 Rxc8 16. b3 Qd7 17. Qg4 Qxg4 18. Nxe7+ Kf7 19. hxg4 Kxe7 20. Rfd1 Rc5 21. a4 a6 22. Rd3 Rfc8 23. Kf1 R8c7 24. Ke2 b5 25. cxb5 axb5 26. a5 b4 27. Ra4 Rb5 28. Rd2 d5 29. a6 Ra7 30. exd5 Kd6 31. f3 Kxd5 32. Rc2 Rb6 33. Ra5+ Kd6 34. Rcc5 Rbxa6 35. Rd5+ Kc7 36. Rac5+ Rc6 37. Rxe5 Ra3 38. Rxc6+ Kxc6 39. Kd3 Rxb3+ 40. Kxd4 Rb2 41. Kc4 Kd6 42. Re3 g5 43. g3 Rg2 44. Kxb4 Rxg3 45. Kc4 h5 46. gxh5 Rh3 47. Kd4 Rxh5 48. Re8 Rh4+ 49. Ke3 Rf4 50. Rg8 Rf5 51. Re8 Re5+ 52. Rxe5 Kxe5 53. Kf2 Kf4 54. Kg2 g4 55. fxg4 Kxg4 1/2-1/2

[Event "HUN-chT2 Szechenyi 1415"]
[Site "Hungary"]
[Date "2015.03.22"]
[Round "10.5"]
[White "Elo, Istvan"]
[Black "Nemeth, Zsolt"]
[Result "1/2-1/2"]
[WhiteElo "2071"]
[BlackElo "2007"]
[PlyCount "82"]
[EventDate "2014.09.07"]
[EventType "team-tourn"]
[EventRounds "11"]
[EventCountry "HUN"]
[SourceTitle "EXT 2016"]
[Source "ChessBase"]
[SourceDate "2015.10.08"]
[SourceVersion "1"]
[SourceVersionDate "2015.10.08"]
[SourceQuality "1"]
[WhiteTeam "Lovo"]
[BlackTeam "Keszthely"]
[WhiteTeamCountry "HUN"]
[BlackTeamCountry "HUN"]

1. e4 e5 2. Nf3 Nc6 3. d4 exd4 4. Nxd4 Nf6 5. Nxc6 bxc6 6. Bd3 Bb4+ 7. Bd2 Bxd2+ 8. Nxd2 d5 9. 0-0 0-0 10. h3 Nd7 11. f4 Nc5 12. Qf3 Rb8 13. Nb3 Nxd3 14. Qxd3 Rb6 15. Rad1 Ba6 16. Qg3 Bxf1 17. Kxf1 Qf6 18. e5 Qg6 19. Qf2 Qe4 20. Rd4 Qf5 21. g4 Qe6 22. Nc5 Qe7 23. b4 a5 24. a3 axb4 25. axb4 Ra8 26. f5 Qxe5 27. Nd7 Qd6 28. Nxb6 cxb6 29. Kg2 c5 30. bxc5 bxc5 31. Rd2 Re8 32. Re2 Re4 33. Qf3 Qe5 34. Rxe4 dxe4 35. Qg3 Qb2 36. Qb3 Qe5 37. Qg3 Qe8 38. Kf2 f6 39. Qd6 Qc8 40. Qd5+ Kf8 41. Qxe4 Kf7 1/2-1/2

[Event "HUN-chT2 Szechenyi 1415"]
[Site "Hungary"]
[Date "2015.02.08"]
[Round "8.4"]
[White "Domonkos, Daniel"]
[Black "Elo, Istvan"]
[Result "0-1"]
[WhiteElo "2068"]
[BlackElo "2071"]
[PlyCount "48"]
[EventDate "2014.09.07"]
[EventType "team-tourn"]
[EventRounds "11"]
[EventCountry "HUN"]
[SourceTitle "EXT 2016"]
[Source "ChessBase"]
[SourceDate "2015.10.08"]
[SourceVersion "1"]
[SourceVersionDate "2015.10.08"]
[SourceQuality "1"]
[WhiteTeam "Veszprem"]
[BlackTeam "Lovo"]
[WhiteTeamCountry "HUN"]
[BlackTeamCountry "HUN"]

1. d4 Nf6 2. c4 g6 3. Nc3 d5 4. Nf3 Bg7 5. Bf4 0-0 6. e3 c5 7. Bxb8 Rxb8 8. Qb3 cxd4 9. Nxd4 e5 10. Nf3 dxc4 11. Bxc4 b5 12. Rd1 Qc7 13. Bd5 b4 14. Ne4 Ba6 15. Nxf6+ Bxf6 16. Nd2 Be7 17. Bc4 Bxc4 18. Qxc4 Rfc8 19. Qb3 Qc2 20. Ke2 Qf5 21. Rc1 Qg4+ 22. Nf3 e4 23. h3 exf3+ 24. gxf3 Qf5 0-1

[Event "HUN-chT2 Szechenyi 1415"]
[Site "Hungary"]
[Date "2014.09.21"]
[Round "2.4"]
[White "Tako, Helga"]
[Black "Elo, Istvan"]
[Result "0-1"]
[WhiteElo "1967"]
[BlackElo "2071"]
[PlyCount "79"]
[EventDate "2014.09.07"]
[EventType "team-tourn"]
[EventRounds "11"]
[EventCountry "HUN"]
[SourceTitle "EXT 2016"]
[Source "ChessBase"]
[SourceDate "2015.10.08"]
[SourceVersion "1"]
[SourceVersionDate "2015.10.08"]
[SourceQuality "1"]
[WhiteTeam "Arboretum"]
[BlackTeam "Lovo"]
[WhiteTeamCountry "HUN"]
[BlackTeamCountry "HUN"]

1. e4 d6 2. Nc3 Nf6 3. d4 c6 4. Be2 g6 5. Be3 Bg7 6. h3 0-0 7. Nf3 b5 8. a3 Bb7 9. Qc1 a5 10. Bd3 Na6 11. 0-0 b4 12. Ne2 c5 13. Ng3 Qc7 14. Bxa6 Bxa6 15. Re1 cxd4 16. Bxd4 Rfc8 17. axb4 axb4 18. Qd2 e5 19. Be3 Qb7 20. Qxd6 Rxc2 21. Rec1 b3 22. Nd2 Ne8 23. Qa3 Rxc1+ 24. Rxc1 Bc4 25. Qc5 Be6 26. Rb1 Rc8 27. Qb6 Qxb6 28. Bxb6 Rc2 29. Ba5 Bh6 30. Ngf1 Nd6 31. Bb4 Nb5 32. Ra1 Nd4 33. Ra8+ Rc8 34. Rxc8+ Bxc8 35. Ng3 Bf4 36. Nc4 Ba6 37. Nd2 h5 38. h4 Bd3 39. Ngf1 f6 40. g3 0-1

[Event "HUN-chT2 Szechenyi 1415"]
[Site "Hungary"]
[Date "2014.09.07"]
[Round "1.5"]
[White "Sebestyen, Gabor"]
[Black "Elo, Istvan"]
[Result "1-0"]
[WhiteElo "2225"]
[BlackElo "2071"]
[PlyCount "79"]
[EventDate "2014.09.07"]
[EventType "team-tourn"]
[EventRounds "11"]
[EventCountry "HUN"]
[SourceTitle "EXT 2016"]
[Source "ChessBase"]
[SourceDate "2015.10.08"]
[SourceVersion "1"]
[SourceVersionDate "2015.10.08"]
[SourceQuality "1"]
[WhiteTeam "Kisber Aszar"]
[BlackTeam "Lovo"]
[WhiteTeamCountry "HUN"]
[BlackTeamCountry "HUN"]

1. e4 c5 2. Nf3 d6 3. d4 cxd4 4. Nxd4 Nf6 5. Nc3 a6 6. f3 e5 7. Nb3 Be6 8. Be3 d5 9. exd5 Nxd5 10. Nxd5 Qxd5 11. Qxd5 Bxd5 12. 0-0-0 Bxb3 13. axb3 Nc6 14. Bb6 Be7 15. Bc4 Bd8 16. Be3 Rc8 17. Kb1 b5 18. Bd3 0-0 19. Bf5 Rb8 20. Bd7 Nd4 21. c3 Ne6 22. Bxe6 fxe6 23. Rd6 a5 24. Rxe6 Bc7 25. Rd1 Rf7 26. h3 Rbf8 27. Rd5 Rb8 28. Bc5 b4 29. c4 h6 30. Bd6 Rd8 31. c5 Bxd6 32. Rdxd6 Rxd6 33. Rxd6 Rc7 34. Rd5 Re7 35. Kc2 Kf7 36. Kd3 Ke6 37. Ke4 Kf6 38. Rd6+ Re6 39. Kd5 Rxd6+ 40. Kxd6 1-0

[Event "HUN-chT2 Szechenyi 1314"]
[Site "Hungary"]
[Date "2013.11.03"]
[Round "4.2"]
[White "Elo, Istvan"]
[Black "Ruszin, Anna"]
[Result "0-1"]
[WhiteElo "2118"]
[BlackElo "2087"]
[PlyCount "108"]
[EventDate "2013.09.08"]
[EventType "team-tourn"]
[EventRounds "11"]
[EventCountry "HUN"]
[SourceTitle "EXT 2016"]
[Source "ChessBase"]
[SourceDate "2015.10.08"]
[SourceVersion "1"]
[SourceVersionDate "2015.10.08"]
[SourceQuality "1"]
[WhiteTeam "Lovo"]
[BlackTeam "Zala Volan"]
[WhiteTeamCountry "HUN"]
[BlackTeamCountry "HUN"]

1. e4 c5 2. Nf3 Nc6 3. Nc3 e6 4. g3 Nf6 5. Bg2 d5 6. exd5 exd5 7. 0-0 Be7 8. d4 c4 9. Ne5 Be6 10. h3 h5 11. f4 g6 12. Kh2 Qb6 13. Ne2 Qc7 14. b3 Rd8 15. bxc4 dxc4 16. Nxc6 bxc6 17. Qe1 Qd7 18. Be3 h4 19. gxh4 Nd5 20. Bf2 Nb4 21. Qc3 Nd5 22. Qe1 Bd6 23. Bxd5 cxd5 24. Qc3 g5 25. Qf3 gxh4 26. Rae1 f5 27. Nc3 Be7 28. Rg1 Kf7 29. Qe2 Bf6 30. Nb5 Rde8 31. Nc3 Qd6 32. Qf3 a6 33. Na4 Bd8 34. Nc5 Bc7 35. Re5 Bc8 36. Be3 Qc6 37. Rxd5 Rxe3 38. Rxf5+ Bxf5 39. Qxc6 Bxf4+ 40. Kg2 Rg3+ 41. Kf2 Be3+ 42. Ke2 Bxg1 43. Qd5+ Kg6 44. Qd6+ Kh5 45. Qf6 Re8+ 46. Kd1 Rg5 47. Qf7+ Bg6 48. Qxc4 Be3 49. Ne6 Rg1+ 50. Ke2 Kh6 51. d5 Rg3 52. Qxh4+ Bh5+ 53. Kd3 Bf2+ 54. Kc4 Rc3+ 0-1

[Event "HUN-chT2 Szechenyi 1213"]
[Site "Hungary"]
[Date "2013.03.24"]
[Round "9.2"]
[White "Elo, Istvan"]
[Black "Varga, Tibor Jr"]
[Result "1/2-1/2"]
[WhiteElo "2117"]
[BlackElo "2061"]
[PlyCount "25"]
[EventDate "2012.09.16"]
[EventType "team-tourn"]
[EventRounds "11"]
[EventCountry "HUN"]
[SourceTitle "EXT 2014"]
[Source "ChessBase"]
[SourceDate "2013.11.20"]
[SourceVersion "1"]
[SourceVersionDate "2013.11.20"]
[SourceQuality "1"]
[WhiteTeam "Lovo"]
[BlackTeam "Haladas III"]
[WhiteTeamCountry "HUN"]
[BlackTeamCountry "HUN"]

1. e4 d6 2. Nc3 e5 3. Nf3 Nf6 4. h3 Be7 5. d4 Nbd7 6. Bd3 c6 7. 0-0 0-0 8. Be3 Qc7 9. a4 b6 10. Qe2 a6 11. Rfd1 Bb7 12. dxe5 dxe5 13. Nh2 1/2-1/2

[Event "HUN-chT2 Szechenyi 1213"]
[Site "Hungary"]
[Date "2013.01.27"]
[Round "6.4"]
[White "Kishazi, Istvan"]
[Black "Elo, Istvan"]
[Result "1/2-1/2"]
[WhiteElo "2026"]
[BlackElo "2117"]
[PlyCount "28"]
[EventDate "2012.09.16"]
[EventType "team-tourn"]
[EventRounds "11"]
[EventCountry "HUN"]
[SourceTitle "EXT 2014"]
[Source "ChessBase"]
[SourceDate "2013.11.20"]
[SourceVersion "1"]
[SourceVersionDate "2013.11.20"]
[SourceQuality "1"]
[WhiteTeam "Peti MTE"]
[BlackTeam "Lovo"]
[WhiteTeamCountry "HUN"]
[BlackTeamCountry "HUN"]

1. d4 Nf6 2. Bf4 d5 3. e3 g6 4. Nd2 Bg7 5. Ngf3 0-0 6. Bd3 Nbd7 7. c3 c6 8. h3 Re8 9. Ne5 Nxe5 10. Bxe5 Nd7 11. Bxg7 Kxg7 12. Nf3 e5 13. dxe5 Nxe5 14. Nxe5 Rxe5 1/2-1/2

[Event "HUN-chT2 Szechenyi 1213"]
[Site "Hungary"]
[Date "2012.11.18"]
[Round "4.3"]
[White "Elo, Istvan"]
[Black "Bali, Eszter"]
[Result "1/2-1/2"]
[WhiteElo "2117"]
[BlackElo "1990"]
[PlyCount "64"]
[EventDate "2012.09.16"]
[EventType "team-tourn"]
[EventRounds "11"]
[EventCountry "HUN"]
[SourceTitle "EXT 2014"]
[Source "ChessBase"]
[SourceDate "2013.11.20"]
[SourceVersion "1"]
[SourceVersionDate "2013.11.20"]
[SourceQuality "1"]
[WhiteTeam "Lovo"]
[BlackTeam "Zalaegerszeg Bagi"]
[WhiteTeamCountry "HUN"]
[BlackTeamCountry "HUN"]

1. e4 e6 2. d3 d5 3. Nd2 Bc5 4. Ngf3 Nc6 5. c3 Nf6 6. e5 Nd7 7. d4 Be7 8. Bd3 f6 9. exf6 Bxf6 10. 0-0 e5 11. Nxe5 Ndxe5 12. dxe5 Nxe5 13. Re1 0-0 14. Bc2 Bg4 15. f3 Bh5 16. Nf1 Qd6 17. Ng3 Bg6 18. Bxg6 Nxg6 19. Be3 Be5 20. Qd2 Rad8 21. Qf2 b6 22. Bd4 Bxd4 23. cxd4 Nf4 24. Qc2 c5 25. Ne2 Ne6 26. Rad1 Rf6 27. Rf1 Rh6 28. f4 Rf8 29. g3 Rhf6 30. b3 Nc7 31. Rc1 Ne6 32. Qd2 Nc7 1/2-1/2